00826nam a2200229 i 4500001000700000003000900007005001700016008004100033020002200074080001000096100002000106245012800126260007800254300002200332490002500354650002300379650002800402700002700430710006100457830002500518852005300543179083ES-MaACL20250822052421.0110906s2009 sp |||| |dspa d a978-84-472-1175-3 a090.11 aAlbero, Miguel.10aEnfermos del libro b: breviario personal de bibliopatías propias y ajenas / cMiguel Albero ; prólogo de Juan Bonilla. aSevilla : bUniversidad de Sevilla, Secretariado de Publicaciones,c2009. a235 p. ; c23 cm.1 aSerie abierta ; v61 7aBibliofilia2embne 7aLibros y lectura2embne1 aBonilla, Juan, d1966-2 aUniversidad de Sevilla. bSecretariado de Publicaciones.0 aSerie abierta ; v61 aES-MaACLbR.146802jA-11471dOlim: N-4475cDEPO1